Reconstituted Families and Residential Anchoring (notice n° 2081740)

détails MARC
000 -LEADER
fixed length control field 01529cam a2200229 4500500
005 - DATE AND TIME OF LATEST TRANSACTION
control field 20260405005205.0
041 ## - LANGUAGE CODE
Language code of text/sound track or separate title fre
042 ## - AUTHENTICATION CODE
Authentication code dc
100 10 - MAIN ENTRY--PERSONAL NAME
Personal name Clément, Céline
Relator term author
245 00 - TITLE STATEMENT
Title Reconstituted Families and Residential Anchoring
260 ## - PUBLICATION, DISTRIBUTION, ETC.
Date of publication, distribution, etc. 2005.<br/>
500 ## - GENERAL NOTE
General note 5
520 ## - SUMMARY, ETC.
Summary, etc. Housing and living arrangements have important implications for reconstituted families. The aim of this research was to rephrase research questions on housing and living arrangements in terms of “life spaces”. Qualitative interviews show that reconstituted families integrate social ties and space by coming together and sharing but also sometimes by remaining distinct and competing with each other. In these types of families, there are few spaces where parents and children are together at the same time. At the same time, these situations do not always lead to a breaking off of relations with the ex-step family. Moreover, there are places other than the main residence where “family histories” can be constructed, such as in second homes, even though they can be a divisive place for families.
690 ## - LOCAL SUBJECT ADDED ENTRY--TOPICAL TERM (OCLC, RLIN)
Topical term or geographic name as entry element « life spaces »
690 ## - LOCAL SUBJECT ADDED ENTRY--TOPICAL TERM (OCLC, RLIN)
Topical term or geographic name as entry element family trajectory
690 ## - LOCAL SUBJECT ADDED ENTRY--TOPICAL TERM (OCLC, RLIN)
Topical term or geographic name as entry element qualitative interviews
690 ## - LOCAL SUBJECT ADDED ENTRY--TOPICAL TERM (OCLC, RLIN)
Topical term or geographic name as entry element reconstituted families
690 ## - LOCAL SUBJECT ADDED ENTRY--TOPICAL TERM (OCLC, RLIN)
Topical term or geographic name as entry element second homes
700 10 - ADDED ENTRY--PERSONAL NAME
Personal name Bonvalet, Catherine
Relator term author
786 0# - DATA SOURCE ENTRY
Note Espaces et sociétés | o 120-121 | 2 | 2005-06-01 | p. 79-97 | 0014-0481
856 41 - ELECTRONIC LOCATION AND ACCESS
Uniform Resource Identifier <a href="https://shs.cairn.info/journal-espaces-et-societes-2005-2-page-79?lang=en&redirect-ssocas=7080">https://shs.cairn.info/journal-espaces-et-societes-2005-2-page-79?lang=en&redirect-ssocas=7080</a>

Pas d'exemplaire disponible.

PLUDOC

PLUDOC est la plateforme unique et centralisée de gestion des bibliothèques physiques et numériques de Guinée administré par le CEDUST. Elle est la plus grande base de données de ressources documentaires pour les Étudiants, Enseignants chercheurs et Chercheurs de Guinée.

Adresse

627 919 101/664 919 101

25 boulevard du commerce
Kaloum, Conakry, Guinée

Réseaux sociaux

Powered by Netsen Group @ 2025